000 00340nam a2200133Ia 4500
005 20260328104322.0
008 260328s9999||||xx |||||||||||||| ||und||
100 _aArgan, Giulio Carlo
245 0 _aWalter Gropius y La Bauhaus. /
_cGiulio Carlo Argan
260 _bGustavo Gili
300 _a197 p.
650 _aARQUITECTURA
942 _cBK
999 _c11376
_d11376